01513nam a2200349 a 4500001001000000003000900010005001700019008004100036010001400077040002200091092001500113100003100128245017900159260003500338300002700373500007900400700004000479700003000519700003800549710006700587930002100654930002400675942001200699945003700711952009800748952012400846952010400970956001801074956001801092956003801110999001501148000044392DO-SdBNP20171103110705.0140626s1999 dr a 000 0 spa d a000044392 aBPMSUbspacBPMSU axxxxbxxxx1 aLuciano López, Margarita10aArroz con mango :bpoesía para niños /cMargarita Luciano López ; prólogo Luz Almánzar de Escovar ; ilustraciones Orlando Guerrero S. y Rafael Enrique Sang Luciano. aSanto Domingo :bCICAP,c1999. a43 p. :bil. ;c27 cm. aIncluye datos biográficos de la autora en la solapa de la contracubierta12aAlmánzar de Escovar, Luzepról.12aGuerrero S., Orlandoeil.12aSang Luciano, Rafael Enriqueeil.12aCentro Caribeño de Investigación y Capacitación (CICAP), 1l m 8 f p g  1l m 8 f p g h  2ddccBK aInventariado infantil dom / 2017 00102ddc40708CI-DaBPMETbBPMETd2015-01-27l0pBPMSU15040729r2015-01-27w2015-01-27yBK 00102ddc40708CI-DaBPMETbBPMETd2015-02-02eDonado por CODETELl0pBPMSU15040730r2015-02-02te. 2w2015-02-02yBK 00102ddc40708CI-DaBPMETbBPMETd2015-02-02l0pBPMET15040731r2015-02-02te. 3w2015-02-02yBK a b c l h  a b c l h  aVMATEOb10c20140630lBPMSUh0069 c7220d7220